00364cam a22000977a 4500008004000000082001700040100007600057245007400133260005000207300000900257180718b1960 xxu||||| |||| 00| 0 eng d aB141x42 Un2d aUnited Kingdom. Departmental Committee on human artificial insemination aReport of the Departmental Committee on human artificial insemination aLondonbHer Majesty's Stationery Officec1960 a97p.